000
00291nam a22001337a 4500
008
170306b xxu||||| |||| 00| 0 eng d
020
_a
0471568457
041
_a
eng
080
_a
575
100
_a
6
101
_a
SHN
245
_a
MOERN MICROBIAL GENETICS
_c
STREIPS.U.N
942
_2
udc
_c
BK
999
_c
6808
_d
6808